000
00307nam a2200109Ia 4500
008
171211s9999 xx 000 0 und d
245
_a
Unseen Cosmos: The Universe in Radio
245
_c
Francis Graham-Smith
260
_c
2014
650
_x
ASTRONOMY
856
_u
http://down.ebook777.com/065/0199660581.pdf
999
_c
349389
_d
349389